Ζωική παραγωγή
Αποθηκεύτηκε σε:
| Κύριος συγγραφέας: | |
|---|---|
| Μορφή: | Βιβλίο |
| Γλώσσα: | Greek |
| Δημοσίευση: |
Αθήνα :
Ίδρυμα Ευγενίδου,
1993
|
| Θέματα: | |
| Ετικέτες: |
Προσθήκη ετικέτας
Δεν υπάρχουν, Καταχωρήστε ετικέτα πρώτοι!
|
MARC
| LEADER | 00000cam a2200000 i 4500 | ||
|---|---|---|---|
| 001 | 1/21968 | ||
| 008 | 120710s19931979 gre d | ||
| 035 | |l 10112969 | ||
| 040 | |a GR-MY-UA |b gre |e aacr | ||
| 041 | 0 | |a gre | |
| 082 | 0 | |a 636 |2 (22) | |
| 100 | 1 | |a Τόντης, Σωτήριος Γ. | |
| 245 | 1 | 0 | |a Ζωική παραγωγή / |c Σωτηρίου Γεωργ. Τόντη |
| 260 | |a Αθήνα : |b Ίδρυμα Ευγενίδου, |c 1993 | ||
| 300 | |a 228 σ.; |b εικ.; |c 24 εκ. | ||
| 500 | |a 1η έκδοση 1979, 2η έκδοση 1985. | ||
| 650 | 0 | 0 | |a Livestock |z Greece. |
| 650 | 0 | 0 | |a Livestock productivity. |
| 852 | |a INST |b SAMOS |e 20120710 |h 636 ΤΟΝ |p 005300033685 |q 005300033685 |t BK |y 0 | ||
| 901 | |a BIBL3-2012-2 | ||
| 909 | |a Σ |b 172395 | ||
| 970 | |a ΓΟΥΒΑΛΑ |b ΒΑΣΩ |z 2012/07/09 | ||